Residential market trends (Record no. 112358)

MARC details
000 -LEADER
fixed length control field 00861cad a22002175a 4500
001 - CONTROL NUMBER
control field L153070
008 - FIXED-LENGTH DATA ELEMENTS--GENERAL INFORMATION
fixed length control field 110602s2011 xxk f 000 0 eng d
035 ## - SYSTEM CONTROL NUMBER
System control number (Sirsi) u153070
041 0# - LANGUAGE CODE
Language code of text/sound track or separate title eng
050 04 - LIBRARY OF CONGRESS CALL NUMBER
Classification number 306.1 $2 18
110 2# - MAIN ENTRY--CORPORATE NAME
Corporate name or jurisdiction name as entry element CB Richard Ellis
9 (RLIN) 3675
245 00 - TITLE STATEMENT
Title Residential market trends
Medium [electronic resource]
260 ## - PUBLICATION, DISTRIBUTION, ETC.
Place of publication, distribution, etc. [S.l.]
Name of publisher, distributor, etc. CBRE
Date of publication, distribution, etc. 2011
490 #0 - SERIES STATEMENT
Series statement CBRE UK Residential Viewpoint
Volume/sequential designation May 2011
520 ## - SUMMARY, ETC.
Summary, etc. UK housing market remains weak, with activity low but stable. Continued low levels of activity are reflected in house prices which continually edge downwards.
590 ## - LOCAL NOTE (RLIN)
Local note KA
651 #4 - SUBJECT ADDED ENTRY--GEOGRAPHIC NAME
Geographic name UNITED KINGDOM
690 ## - LOCAL SUBJECT ADDED ENTRY--TOPICAL TERM (OCLC, RLIN)
Topical term or geographic name as entry element PROPERTY-RESIDENTIAL PROPERTY-RESIDENTIAL PROPERTY MARKET
856 40 - ELECTRONIC LOCATION AND ACCESS
Uniform Resource Identifier <a href="https://portal.cbre.eu/portal/page/portal/research/publications/May%20monthly%20final.pdf">https://portal.cbre.eu/portal/page/portal/research/publications/May%20monthly%20final.pdf</a>
Public note View the item at portal.cbre.au
942 ## - ADDED ENTRY ELEMENTS (KOHA)
Suppress in OPAC 0
Holdings
Withdrawn status Lost status Source of classification or shelving scheme Damaged status Not for loan Home library Current library Shelving location Date acquired Total Checkouts Full call number Barcode Date last seen Copy number Price effective from Koha item type
    Dewey Decimal Classification     Virtual Virtual Online 02/06/2011   ONLINE PUBLICATION 153070-2001 06/08/2019 1 06/08/2019 Book